000 00456nam a2200181Ia 4500
008 230524s9999 xx 000 0 und d
020 _a0070993378
082 _a5.73
_bDAL
100 _aNell Dale
245 0 _aPascal Plus Data Structure Algorithms And Advance Programming
250 _a1ST
260 _aNEW DELHI
_bTMH
_c1998
300 _aXIX;630
500 _aQuantity Number: 2
650 _aComp-Sc
700 _a Susan C. Lily
942 _cBK
999 _c19760
_d19760